Relación del viaje que hizo a los presidios internos situados en la frontera de la América septentrional /

Crónica del viaje que realizó Nicolás de Lafora acompañado de un grupo de soldados, por el norte del país, para hacer una revisión general de los presidios que se habían establecido en esa región a causa de las guerras internas. El mantenimiento de estos presidios implicaba enormes sangrías para las...

Descripción completa

Guardado en:
Detalles Bibliográficos
Autor principal: Lafora, Nicolás de (autor)
Otros autores: Alessio Robles, Vito (preliminares) (preliminares)
Formato: Libro
Idioma:Español
Publicado: México : Pedro Robredo, 1939, c1939
Temas:
Etiquetas: Agrega una etiqueta
Sin etiquetas, Sé el primero en etiquetar este registro!

MARC

LEADER 00000nam^a2200000^a^4500
001 000130824
005 20250521000000.0
009 20260310095002.041
037 |a Acervo ITESO - Biblioteca 
041 |a ESP 
082 |a 972. 03  |b LAF 
100 |a Lafora, Nicolás de  |e (autor) 
245 1 0 |a Relación del viaje que hizo a los presidios internos situados en la frontera de la América septentrional /  |c N. de Lafora ; prelim. y notas de V. Alessio Robles. 
264 4 |a México :  |b Pedro Robredo,  |c 1939, c1939 
300 |a 332 p. 
336 |a texto  |b txt  |2 rdacontenido 
337 |a sin mediación  |b n  |2 rdamedio 
338 |a volumen  |b nc  |2 rdasoporte 
520 |a Crónica del viaje que realizó Nicolás de Lafora acompañado de un grupo de soldados, por el norte del país, para hacer una revisión general de los presidios que se habían establecido en esa región a causa de las guerras internas. El mantenimiento de estos presidios implicaba enormes sangrías para las cajas reales. 
649 |a XX 
650 |a Cárceles y Centros de Readaptación Social -  |z México -  |x Historia -  |y Epoca Colonial, 1517-1821 
650 |a Viajes y Travesías -  |z México 
650 |a Libros de Viajes -  |z México 
650 |a México -  |x Historia -  |y Siglo XVIII 
650 |a México -  |x Historia -  |y Virreinato, 1535-1821 
650 |a México -  |x Historia -  |y Epoca Colonial, 1517-1821 
700 |a Alessio Robles, Vito  |e (preliminares) 
910 |a Fondo Salvador Reynoso Reynoso 
920 |a Impresos - Libros 
930 |a Fondos Especiales 
905 |a 112 
901 |a 0800011835  |b IT2  |c ESP  |u 20250521 
901 |a 0800012406  |b IT2  |c ESP  |u 20250521 
902 |a https://opac.biblio.iteso.mx/vufind/Record/000130824